000 00462nam a2200145Ia 4500
003 OSt
005 20260120102808.0
008 211028s2014 xx 000 0 und d
040 _cAIMIT LIBRARY
041 _aeng
100 _aSoans, Archana; Wright, Rowena.
_g1216013
_97129
245 _aConversion cost and financial analysis: a case study with reference to hindustan unilever ltd Mangalore /
260 _aMangalore
_bRowena Wright
_c2014
942 _2ddc
_cPRO
999 _c218699
_d218699